Départements de l'Haiti sur une carte - Statistiques

Statistiques générales
  • Ce quiz a été pris 18 fois
  • Le résultat moyen est 6 sur 10
Réponses sur la Carte
Les réponses sont colorées sur une échelle allant du rouge au vert en fonction du pourcentage des utilisateurs qui les ont devinées à leur premier essai. Vous pouvez retrouver ces pourcentages ci-dessous.
 
Statistiques - réponses
Numéro Département % Correct
4 Nord
80%
7 Nord-Ouest
80%
8 Ouest
70%
9 Sud
70%
2 Centre
60%
5 Nord-Est
60%
3 Grand Anse
50%
6 Nippes
50%
1 L'artibonite
40%
10 Sud-Ouest
20%
Aucun quiz correspondant
Distribution des résultats
% des personnes avec chaque résultat
Percentile par nombre de réponses
Votre historique - résultats
Vous n’avez pas pris ce quiz